Game of Thrones: The Riverlands - Statistics

General Stats
  • This quiz has been taken 38 times
  • The average score is 13 of 34
Answer Stats
Family Seat Saying Sigil % Correct
Tully Riverrun Family, Duty, Honor Leaping Silver Trout on Blue and Mud Red
97%
Blackwood Raventree Hall Flock of Ravens surrounding a Black Shield with a Dead Weirwood on a Scarlet
76%
Bracken Stone Hedge Red Stallion on a Gold Shield, on a Brown field
76%
Frey The Twins Two Blue Towers, united by a bridge, on Silver-Grey
76%
Riverrun
76%
Family, Duty, Honor
69%
Whent Harrenhal 9 Black Bats on Yellow
66%
Mallister Seagard Above the Rest Silver Eagle on Purple
59%
Mooton Maidenpool Wisdom and Strength Red Salmon within a Gold Tressure, on White
59%
Piper Pinkmaiden Castle Brave and Beautiful Pink dancing maiden in a Swirl of White Silk on a Blue field
59%
The Twins
59%
Harrenhal
55%
Maidenpool
55%
Raventree Hall
55%
Pink dancing maiden in a Swirl of White Silk on a Blue field
48%
Stone Hedge
48%
Seagard
45%
Smallwood Acorn Hall 6 Brown Acorns on Yellow
38%
Acorn Hall
31%
Pinkmaiden Castle
24%
Leaping Silver Trout on Blue and Mud Red
21%
9 Black Bats on Yellow
17%
Above the Rest
17%
Silver Eagle on Purple
17%
Brave and Beautiful
14%
Red Salmon within a Gold Tressure, on White
14%
Red Stallion on a Gold Shield, on a Brown field
14%
Ryger Willow Wood Green Weeping Willow on White
14%
Flock of Ravens surrounding a Black Shield with a Dead Weirwood on a Scarlet
10%
Wisdom and Strength
10%
6 Brown Acorns on Yellow
7%
Willow Wood
7%
2 Blue Towers, united by a bridge, on Silver-Grey
3%
Green Weeping Willow on White
0%
No matching quizzes found
Score Distribution
Percent of People with Each Score
Percentile by Number Answered
Your Score History
You have not taken this quiz